000
00266nam a22001217a 4500
008
190225b xxu||||| |||| 00| 0 eng d
041
_a
eng
080
_a
541
100
_a
12
101
_a
KIM
245
_a
Textbook of Organic Chemitry
_c
Ferguson
942
_2
udc
_c
BK
999
_c
54234
_d
54234